000 00962nas a2200301 4500
001 BR2016002217
003 BR-BrBNA
005 20231205130441.0
007 ta
008 230509b bl.|||p| |||| 00| 00por d
040 _aBR-BrBNA
_bpor
_cBiblioteca Nacional de Agricultura
041 _a(Pt)
072 _aL73
100 1 _aAlmeida, W.M. de
100 1 _aMiranda, Z.B.
100 1 _aFlausino, W.
100 1 _aCoelho, C.D.
100 1 _aFonseca, A.B.M.
100 1 _aLopes, C.W.G.
245 1 _aSuínos sororreagentes a Toxoplasma gondii (Apicomplexa: Toxoplasmatinae)enviados para abate e destinados ao consumo humano
650 _aTOXOPLASMA GONDII
650 _aTOXOPLASMOSE
650 _aSUÍNO
650 _aINSPECAO VETERINARIA
773 0 _tRevista Brasileira de Medicina Veterinária (Brazil)
_xISSN 0100-2430
_g(Oct-Dec 2015), v. 37(4) p. 397-400
_wBR2016002217
909 _a202311
_bLúcia
_c55
_dLúcia Elande
942 _2AGRIS
_n0
_cANA
999 _c249513
_d249513